| 000 | 00418nam a2200133 4500 | ||
|---|---|---|---|
| 008 | 170427b xxu||||| |||| 00| 0 eng d | ||
| 022 | _a0091-4169 | ||
| 082 |
_22015 v. 105, n. 2 _aDPer 364.05 _bJ82 |
||
| 245 | _aThe Journal of criminal law and criminology. | ||
| 260 |
_aEvanston: _bNorthwestern University Press, _cc2015. |
||
| 300 |
_avarious paging; _c25 cm. |
||
| 650 | 0 |
_920565 _aCrime _vPeriodicals |
|
| 942 |
_2ddc _cPER |
||
| 999 |
_c6789 _d6789 |
||